Introductory statistics for business and economics
Αποθηκεύτηκε σε:
| Κύριος συγγραφέας: | |
|---|---|
| Άλλοι συγγραφείς: | |
| Μορφή: | Βιβλίο |
| Γλώσσα: | English |
| Δημοσίευση: |
New York :
Wiley,
c1984
|
| Θέματα: | |
| Ετικέτες: |
Προσθήκη ετικέτας
Δεν υπάρχουν, Καταχωρήστε ετικέτα πρώτοι!
|
MARC
| LEADER | 00000cam a2200000 i 4500 | ||
|---|---|---|---|
| 001 | 1/35353 | ||
| 008 | 061011s1972 eng d | ||
| 020 | |a 0-471-09716-0 | ||
| 035 | |l 10085509 | ||
| 040 | |a GR-MY-UA |b gre |e aacr | ||
| 041 | 0 | |a eng | |
| 082 | 0 | |a 519.5 | |
| 100 | 1 | |a Wonnacott, Thomas H. |d 1935- | |
| 245 | 1 | 0 | |a Introductory statistics for business and economics / |c [by] Thomas H. Wonnacott [and] Ronald J. Wonnacott |
| 260 | |a New York : |b Wiley, |c c1984 | ||
| 650 | 0 | 0 | |a Statistics. |
| 700 | 1 | |a Wonnacott, Ronald J. | |
| 852 | |a INST |b CHIOS |e 20061011 |h 519.5 WON |p 005200004755 |q 005200004755 |t BK |y 0 | ||
| 909 | |a Χ |b 005350 | ||